000 00375nam a22001451a 4500
020 _a9788186562932
082 _a330.122
_bPAV/H
100 _aPavlov V I
245 _aHistorical premises for India's transition to capitalism/
_cby Pavlov V I
260 _aNew Delhi:
_bManak,
_c2000.
300 _a385p.
650 _aCapitalism
650 _aSocial Sciences
942 _cBK
999 _c17990
_d17990